The book of war (Record no. 551565)
[ view plain ]
| 000 -LEADER | |
|---|---|
| fixed length control field | 00620cam a2200157K 4500 |
| 082 04 - DEWEY DECIMAL CLASSIFICATION NUMBER | |
| Classification number | 355 |
| Author Mark | BOO |
| 100 1# - MAIN ENTRY--PERSONAL NAME | |
| Personal name | Calthrop, Everard Ferguson, |
| 9 (RLIN) | 48711 |
| 245 14 - TITLE STATEMENT | |
| Title | The book of war |
| Remainder of title | the military classic of the Far East, |
| Statement of responsibility, etc. | translated from the Chinese by Captain E.F. Calthrop. |
| 260 ## - PUBLICATION, DISTRIBUTION, ETC. | |
| Place of publication, distribution, etc. | London, |
| Name of publisher, distributor, etc. | J. Murray, |
| Date of publication, distribution, etc. | 1908. |
| 300 ## - PHYSICAL DESCRIPTION | |
| Extent | 1 online resource (132 p.) |
| 505 8# - FORMATTED CONTENTS NOTE | |
| Formatted contents note | Contains the articles of Sun Tzu and the sayings of Wun Tzu. |
| 526 ## - STUDY PROGRAM INFORMATION NOTE | |
| Program name | 0 |
| Interest level | 0 |
| Reading level | 0 |
| Title point value | 355_000000000000000_BOO |
| 650 #0 - SUBJECT ADDED ENTRY--TOPICAL TERM | |
| Topical term or geographic name entry element | Military art and science. |
| 9 (RLIN) | 37914 |
| 856 40 - ELECTRONIC LOCATION AND ACCESS | |
| Uniform Resource Identifier | <a href="http://catalog.hathitrust.org/api/volumes/oclc/4655480.html">http://catalog.hathitrust.org/api/volumes/oclc/4655480.html</a> |
| 942 ## - ADDED ENTRY ELEMENTS (KOHA) | |
| Source of classification or shelving scheme | |
| Koha item type | Book |
| Withdrawn status | Lost status | Source of classification or shelving scheme | Damaged status | Not for loan | Permanent Location | Current Location | Date acquired | Total Checkouts | Full call number | Barcode | Date last seen | Price effective from | Koha item type |
|---|---|---|---|---|---|---|---|---|---|---|---|---|---|
| Military College of Engineering (MCE) | Military College of Engineering (MCE) | 12/18/2014 | 355 BOO | MCE-40784 | 12/18/2014 | 12/18/2014 | Book |
